| 000 | 00517nam 22001693 4500 | ||
|---|---|---|---|
| 001 | 201152 | ||
| 090 | _a201152 | ||
| 100 | _a20260311d u||y0pory50 ba | ||
| 200 |
_aSob o rosto da Europa _eensaio de semiótica da cultura _fLuís Carmelo |
||
| 210 |
_aÉvora _cSinteses-7 _d1997 |
||
| 215 |
_a125 p. _cbrochado _d19 cm |
||
| 606 |
_93661 _aCrítica Literária.Estudos Literários |
||
| 675 |
_a82.09 _vPT _zpor |
||
| 700 |
_93666 _aCarmelo _bLuís _f1954-2023 |
||
| 801 |
_aPT _bBMMN _gRPC |
||
| 830 |
_cFernando _fFernando |
||
| 990 | _cLIVROS | ||